Proteins in natural rubber latex (Record no. 66063)

MARC details
000 -LEADER
fixed length control field 00451nam a2200157Ia 4500
100 ## - MAIN ENTRY--AUTHOR NAME
Personal name Hasma Hashim
245 #0 - TITLE STATEMENT
Title Proteins in natural rubber latex
260 ## - PUBLICATION, DISTRIBUTION, ETC. (IMPRINT)
Name of publisher Proceedings of the Conference on International Rubber Technology, Kuala Lumpur, 1993
Year of publication 1993
300 ## - PHYSICAL DESCRIPTION
Number of Pages 27-31
500 ## - GENERAL NOTE
General note Source Year: 1995
650 ## - SUBJECT ADDED ENTRY--TOPICAL TERM
Topical Term latex protein
650 ## - SUBJECT ADDED ENTRY--TOPICAL TERM
Topical Term Natural rubber
856 ## - ELECTRONIC LOCATION AND ACCESS
Uniform Resource Identifier IRRDB
942 ## - ADDED ENTRY ELEMENTS (KOHA)
Koha item type Journals
Holdings
Withdrawn status Lost status Damaged status Not for loan Home library Current library Shelving location Date acquired Serial Enumeration / chronology Koha item type
      Journals RRII Library RRII Library Rubber chemistry 17/12/2021 Volume 4, Issue 1 Journals